Most Secretive Countries - Statistics

General Stats
  • This quiz has been taken 35 times
  • The average score is 5 of 10
Answer Stats
Answer % Correct
North Korea
100%
Cuba
76%
Libya
55%
Belarus
52%
Myanmar
52%
Syria
52%
Turkmenistan
48%
Eritrea
39%
Uzbekistan
27%
Equatorial Guinea
6%
No matching quizzes found
Score Distribution
Percent of People with Each Score
Percentile by Number Answered
Your Score History
You have not taken this quiz